| 000 | 00510nam a2200121Ia 4500 | ||
|---|---|---|---|
| 008 | 171212s9999 xx 000 0 und d | ||
| 020 | _a9780833081506 | ||
| 100 | _aCordova, Amado;Millard, Lindsay D.;Menthe, Lance;Guffey, Robert A.;Rhodes, Carl | ||
| 245 |
_cCordova, Amado;Millard, Lindsay D.;Menthe, Lance;Guffey, Robert A.;Rhodes, Carl _aMotion Imagery Processing and Exploitation (MIPE) |
||
| 260 |
_bRAND Corporation _c2013 |
||
| 650 | _aHistory | ||
| 856 | _uhttp://www.jstor.org/stable/10.7249/j.ctt5vjwj4 | ||
| 999 |
_c352340 _d352340 |
||